[Event "Oberliga Nord O 1819"]
[Site "Germany"]
[Date "2019.04.07"]
[Round "9.2"]
[White "Hansch, Karsten"]
[Black "Muench, Robert"]
[Result "1/2-1/2"]
[WhiteElo "2262"]
[BlackElo "2006"]
[PlyCount "53"]
[EventDate "2018.10.21"]
[EventType "team-tourn"]
[EventRounds "9"]
[EventCountry "GER"]
[SourceTitle "EXT 2020"]
[Source "ChessBase"]
[SourceDate "2019.10.17"]
[SourceVersion "1"]
[SourceVersionDate "2019.10.17"]
[SourceQuality "1"]
[WhiteTeam "Potsdam Empor"]
[BlackTeam "Guestrow/Teterow"]
[WhiteTeamCountry "GER"]
[BlackTeamCountry "GER"]

1. e4 c5 2. Nc3 a6 3. g3 b5 4. Bg2 Bb7 5. d3 b4 6. Nce2 g6 7. d4 Bg7 8. Be3 Nf6 9. d5 d6 10. Nh3 Qc8 11. f3 Nbd7 12. 0-0 Ne5 13. Nf2 0-0 14. b3 a5 15. a4 Ba6 16. Re1 Qb7 17. h3 Rac8 18. Rc1 Bxe2 19. Qxe2 c4 20. Bd4 cxb3 21. cxb3 Nh5 22. f4 Nf3+ 23. Bxf3 Bxd4 24. Bxh5 gxh5 25. Qxh5 Rc3 26. Kg2 Bxf2 27. Kxf2 1/2-1/2

[Event "Berlin Lichtenrade op 08th"]
[Site "Berlin"]
[Date "2012.10.04"]
[Round "6"]
[White "Muench, Robert"]
[Black "Reichenbach, Werner"]
[Result "0-1"]
[WhiteElo "1965"]
[BlackElo "2280"]
[PlyCount "104"]
[EventDate "2012.09.29"]
[EventType "swiss"]
[EventRounds "9"]
[EventCountry "GER"]
[SourceTitle "CBM 150 Extra"]
[Source "ChessBase"]
[SourceDate "2012.10.19"]
[SourceVersion "1"]
[SourceVersionDate "2012.10.19"]
[SourceQuality "1"]

1. d4 d6 2. Nf3 g6 3. g3 Bg7 4. Bg2 Nf6 5. c4 0-0 6. Nc3 Nc6 7. a3 a6 8. b4 e5 9. Bb2 exd4 10. Nxd4 Nxd4 11. Qxd4 Ng4 12. Qd1 Ne5 13. Qb3 c6 14. Ne4 Be6 15. Rc1 f5 16. Nd2 Qe7 17. 0-0 Rad8 18. Qc2 f4 19. Kh1 Rf7 20. c5 d5 21. Nf3 Bf5 22. Qb3 Be4 23. Nxe5 Bxg2+ 24. Kxg2 Bxe5 25. Bxe5 Qxe5 26. Qd3 Re8 27. Rc2 Qh5 28. Rd1 Ref8 29. Rf1 Qe5 30. Rc3 Re8 31. Rc2 Qg5 32. Rc3 Qh5 33. Qf3 Qe5 34. Re1 Ref8 35. Qd3 fxg3 36. fxg3 Rf2+ 37. Kg1 Qh5 38. h4 Qg4 39. Qe3 Qf5 40. Rcc1 Qf6 41. Rcd1 Rf5 42. Kg2 Re5 43. Qg1 Qe6 44. e3 Re8 45. Rd3 Re4 46. Kf2 Rf8+ 47. Kg2 Rxh4 48. gxh4 Qe4+ 49. Kh2 Qxh4+ 50. Kg2 Qe4+ 51. Kh2 Qxd3 52. Qg4 Qf5 0-1

[Event "GER-ch U25 op-A"]
[Site "Oberhof"]
[Date "2012.05.30"]
[Round "6"]
[White "Ott, Florian"]
[Black "Muench, Robert"]
[Result "1-0"]
[WhiteElo "2006"]
[BlackElo "1918"]
[PlyCount "52"]
[EventDate "2012.05.27"]
[EventType "swiss"]
[EventRounds "9"]
[EventCountry "GER"]
[SourceTitle "CBM 148 Extra"]
[Source "ChessBase"]
[SourceDate "2012.06.22"]
[SourceVersion "1"]
[SourceVersionDate "2012.06.22"]
[SourceQuality "1"]

1. d4 d5 2. c4 e6 3. Nf3 c6 4. g3 dxc4 5. Bg2 Nf6 6. Ne5 Bb4+ 7. Bd2 Qxd4 8. Bxb4 Qxe5 9. Na3 b5 10. Bd6 Qf5 11. 0-0 Bb7 12. Nc2 e5 13. a4 a6 14. axb5 axb5 15. Rxa8 Bxa8 16. Bxb8 0-0 17. Ba7 Nd7 18. e4 Qe6 19. Be3 c5 20. Qd2 Qe7 21. Rd1 Nb6 22. Qa5 Rd8 23. Rxd8+ Qxd8 24. Bxc5 Qd1+ 25. Ne1 c3 26. Qxc3 Na4 1-0

[Event "GER-ch U25 op-A"]
[Site "Oberhof"]
[Date "2012.05.28"]
[Round "3"]
[White "Muench, Robert"]
[Black "Carow, Annelen"]
[Result "0-1"]
[WhiteElo "1918"]
[BlackElo "2054"]
[PlyCount "128"]
[EventDate "2012.05.27"]
[EventType "swiss"]
[EventRounds "9"]
[EventCountry "GER"]
[SourceTitle "CBM 148 Extra"]
[Source "ChessBase"]
[SourceDate "2012.06.22"]
[SourceVersion "1"]
[SourceVersionDate "2012.06.22"]
[SourceQuality "1"]

1. d4 Nf6 2. Bg5 e6 3. Nd2 d5 4. e3 c5 5. c3 Be7 6. Bd3 Nbd7 7. f4 b6 8. Ngf3 Bb7 9. Bxf6 Bxf6 10. Ne5 0-0 11. 0-0 g6 12. Ndf3 Bg7 13. Qe1 Qe7 14. Qg3 Rfc8 15. Ng5 f5 16. h4 Nxe5 17. fxe5 Bc6 18. Nh3 Be8 19. Nf4 b5 20. h5 gxh5 21. Nxe6 Qxe6 22. Bxf5 Qe7 23. Bxc8 Rxc8 24. Rf4 Bg6 25. Raf1 a5 26. Qf3 Rd8 27. Qe2 c4 28. Qf3 b4 29. Rf2 a4 30. cxb4 Qxb4 31. a3 Qe7 32. Qd1 Ra8 33. Qf3 Qd7 34. Qe2 Rc8 35. Qe1 Qe7 36. Qa5 Qd7 37. Qa6 Re8 38. Qa5 Bh6 39. R4f3 Bg5 40. Qc5 Be7 41. Qb6 c3 42. bxc3 Bxa3 43. Rf6 Bf8 44. e6 Qe7 45. Rf7 Qg5 46. Qc6 Rb8 47. Rb7 Rxb7 48. Qxb7 Be7 49. Qa8+ Kg7 50. Qxa4 Qxe3 51. Qd7 Qg5 52. c4 dxc4 53. d5 Kh6 54. d6 Bf6 55. Qc8 Qc1+ 56. Kh2 Be5+ 57. g3 Bxd6 58. Qd7 Qe3 59. Rg2 Qe5 60. Qc8 c3 61. Qc4 Be4 62. Rg1 h4 63. Qf1 hxg3+ 64. Kh3 Qh5# 0-1

[Event "Bargteheide op"]
[Site "Bargteheide"]
[Date "2012.05.18"]
[Round "4"]
[White "Muench, Robert"]
[Black "Bente, Bjoern"]
[Result "1/2-1/2"]
[WhiteElo "1953"]
[BlackElo "2206"]
[PlyCount "49"]
[EventDate "2012.05.17"]
[EventType "swiss"]
[EventRounds "7"]
[EventCountry "GER"]
[SourceTitle "CBM 148 Extra"]
[Source "ChessBase"]
[SourceDate "2012.06.22"]
[SourceVersion "1"]
[SourceVersionDate "2012.06.22"]
[SourceQuality "1"]

1. d4 d5 2. Bg5 h6 3. Bh4 c6 4. e3 Bf5 5. c4 Qb6 6. Qb3 e6 7. Nc3 Nd7 8. Nf3 Ngf6 9. Nd2 Be7 10. Be2 0-0 11. 0-0 Rfe8 12. f4 c5 13. Nf3 dxc4 14. Bxc4 Ne4 15. Bxe7 Rxe7 16. Qxb6 Nxb6 17. Bb3 cxd4 18. exd4 Nxc3 19. bxc3 Rc8 20. Rac1 Rec7 21. Nh4 Be4 22. f5 Bd5 23. fxe6 Bxe6 24. Bxe6 fxe6 25. Rfe1 1/2-1/2

[Event "Berlin-ch qualification"]
[Site "Berlin-Lichtenrade"]
[Date "2012.04.11"]
[Round "6.18"]
[White "Koenig, Frank"]
[Black "Muench, Robert"]
[Result "0-1"]
[WhiteElo "1966"]
[BlackElo "1890"]
[PlyCount "72"]
[EventDate "2012.04.08"]
[EventType "swiss"]
[EventRounds "9"]
[EventCountry "GER"]
[SourceTitle "EXT 2022"]
[Source "ChessBase"]
[SourceDate "2021.10.06"]
[SourceVersion "1"]
[SourceVersionDate "2021.10.06"]
[SourceQuality "1"]

1. Nf3 c5 2. g3 Nc6 3. Bg2 d5 4. d4 Bg4 5. c3 e6 6. 0-0 Qb6 7. Ne5 Bh5 8. Nxc6 bxc6 9. dxc5 Bxc5 10. b4 Be7 11. Nd2 a5 12. bxa5 Qxa5 13. c4 Bf6 14. Nb3 Qa6 15. Nd4 Qxc4 16. Be3 Ne7 17. Rc1 Qxa2 18. Re1 Bxd4 19. Qxd4 0-0 20. g4 Bg6 21. Qe5 Qa4 22. Bd4 f6 23. Qxe6+ Bf7 24. Qe3 Rae8 25. Qc3 Be6 26. h3 Rf7 27. e3 Qa8 28. e4 dxe4 29. Bxe4 Bd5 30. Bc2 Ng6 31. Bxg6 hxg6 32. Bc5 Rb7 33. Rxe8+ Qxe8 34. Re1 Qf7 35. Qg3 Rb3 36. Qh4 g5 0-1

[Event "GER-chA U25"]
[Site "Oberhof"]
[Date "2011.06.14"]
[Round "4"]
[White "Muench, Robert"]
[Black "Papusha, Maxim"]
[Result "1-0"]
[WhiteElo "1908"]
[BlackElo "1745"]
[PlyCount "83"]
[EventDate "2011.06.11"]
[EventType "swiss"]
[EventRounds "9"]
[EventCountry "GER"]
[SourceTitle "CBM 142 Extra"]
[Source "ChessBase"]
[SourceDate "2011.06.27"]
[SourceVersion "1"]
[SourceVersionDate "2011.06.27"]
[SourceQuality "1"]

1. d4 Nf6 2. e3 d5 3. Bd3 c5 4. c3 Nc6 5. f4 g6 6. Nf3 Bg7 7. Ne5 e6 8. Nd2 Qc7 9. 0-0 0-0 10. g4 Ne7 11. Qe1 b6 12. Qh4 a5 13. Rf3 Ba6 14. Bc2 cxd4 15. exd4 h5 16. g5 Nd7 17. Nf1 Nf5 18. Bxf5 exf5 19. Ne3 Nxe5 20. fxe5 Qd7 21. Bd2 b5 22. a3 Rfb8 23. Ng2 b4 24. cxb4 axb4 25. Bxb4 Be2 26. Re3 Rxb4 27. Rxe2 Qb5 28. Qf2 Raa4 29. Rd2 Qb6 30. Rad1 Rc4 31. Nf4 Ra5 32. Kh1 Qc6 33. Qe3 Ra6 34. Qf3 Ra5 35. Rd3 Rb5 36. R3d2 Bf8 37. Ne2 Rc2 38. b4 Rc4 39. Rd3 Be7 40. h4 Rb6 41. Nc3 Qa8 42. Nxd5 1-0

[Event "GER-chA U25"]
[Site "Oberhof"]
[Date "2011.06.12"]
[Round "1"]
[White "Hoffmann, Tim"]
[Black "Muench, Robert"]
[Result "0-1"]
[WhiteElo "1673"]
[BlackElo "1908"]
[PlyCount "72"]
[EventDate "2011.06.11"]
[EventType "swiss"]
[EventRounds "9"]
[EventCountry "GER"]
[SourceTitle "CBM 142 Extra"]
[Source "ChessBase"]
[SourceDate "2011.06.27"]
[SourceVersion "1"]
[SourceVersionDate "2011.06.27"]
[SourceQuality "1"]

1. e4 c5 2. Nf3 d6 3. d4 cxd4 4. Nxd4 Nf6 5. Nc3 g6 6. Bc4 Bg7 7. h3 Nc6 8. Be3 Bd7 9. Qd2 Rc8 10. Bb3 0-0 11. 0-0-0 Na5 12. f4 Nxb3+ 13. Nxb3 Rxc3 14. Qxc3 Nxe4 15. Qe1 Qc7 16. Bd4 Rc8 17. c3 d5 18. Rf1 Bh6 19. Be3 Qd6 20. g4 a5 21. f5 Bxe3+ 22. Qxe3 a4 23. Nd4 a3 24. fxg6 axb2+ 25. Kxb2 Qb6+ 26. Ka1 fxg6 27. Qf3 Qd6 28. Ne2 Be6 29. Qe3 Qa6 30. Nd4 Rxc3 31. Nxe6 Qxe6 32. Qd4 Rc5 33. g5 Qxh3 34. Qa4 Rc8 35. Rc1 Qe6 36. Qb5 Qe5+ 0-1

[Event "GER-chA U25"]
[Site "Oberhof"]
[Date "2011.06.12"]
[Round "2"]
[White "Muench, Robert"]
[Black "Pererva, Viktor"]
[Result "0-1"]
[WhiteElo "1908"]
[BlackElo "1956"]
[PlyCount "112"]
[EventDate "2011.06.11"]
[EventType "swiss"]
[EventRounds "9"]
[EventCountry "GER"]
[SourceTitle "CBM 142 Extra"]
[Source "ChessBase"]
[SourceDate "2011.06.27"]
[SourceVersion "1"]
[SourceVersionDate "2011.06.27"]
[SourceQuality "1"]

1. e4 e5 2. Nf3 Nc6 3. Bb5 a6 4. Ba4 Nf6 5. 0-0 Be7 6. Re1 b5 7. Bb3 0-0 8. c3 d6 9. d4 Bg4 10. d5 Na5 11. Bc2 Qd7 12. Nbd2 c6 13. Nf1 cxd5 14. exd5 Qb7 15. Ne3 Bh5 16. Nf5 Rfe8 17. Bg5 Bf8 18. Bxf6 gxf6 19. Qd3 Bg6 20. Qe4 Qd7 21. Qg4 Kh8 22. h4 h5 23. Qh3 e4 24. N3d4 Re5 25. Bxe4 Rae8 26. Qf3 Nc4 27. b3 Nd2 28. Qf4 Nxe4 29. Ne3 Nxc3 30. Nc6 Nxd5 31. Nxe5 fxe5 32. Qf3 Nxe3 33. Rxe3 Bg7 34. Qd5 Qe6 35. Qc6 d5 36. Qb7 d4 37. Ree1 e4 38. Rad1 Rc8 39. Rd2 d3 40. Rxd3 exd3 41. Rxe6 Rc1+ 42. Kh2 fxe6 43. Qd7 Re1 44. Kg3 Re2 45. Qc8+ Kh7 46. Qc1 Rc2 47. Qd1 d2 48. f4 Rc3+ 49. Kh2 Rd3 50. g4 hxg4 51. h5 Bxh5 52. Kg2 Kh6 53. f5 g3 54. Qf1 d1Q 55. Qf4+ Kh7 56. a4 Qe2+ 0-1

[Event "GER North-chT U16"]
[Site "Verden an der Aller"]
[Date "2008.09.13"]
[Round "3.1"]
[White "Bart, Simon"]
[Black "Muench, Robert"]
[Result "1-0"]
[WhiteElo "1798"]
[BlackElo "1699"]
[PlyCount "115"]
[EventDate "2008.09.12"]
[EventType "team-swiss"]
[EventRounds "6"]
[EventCountry "GER"]
[SourceTitle "EXT 2011"]
[Source "ChessBase"]
[SourceDate "2010.11.26"]
[SourceVersion "1"]
[SourceVersionDate "2010.11.26"]
[SourceQuality "1"]
[WhiteTeam "Werder Bremen"]
[BlackTeam "Treptow"]
[WhiteTeamCountry "GER"]
[BlackTeamCountry "GER"]

1. e4 e6 2. d4 d5 3. Nc3 Bb4 4. Bd3 Nf6 5. e5 Nfd7 6. Qg4 Kf8 7. Nf3 c5 8. Bg5 Qa5 9. 0-0 c4 10. Be2 Bxc3 11. bxc3 Qxc3 12. Rfc1 Qa3 13. c3 Nc6 14. Nh4 Ne7 15. Qh3 Kg8 16. Bg4 Nf8 17. f4 h6 18. Bxe7 Qxe7 19. f5 exf5 20. Bxf5 Be6 21. Rab1 b6 22. Rf1 Re8 23. Rf2 Nh7 24. Rbf1 Ng5 25. Qg3 Qd7 26. Bxe6 Qxe6 27. Nf5 g6 28. Nxh6+ Rxh6 29. Qxg5 Rh5 30. Qg3 Rd8 31. Rf6 Qe7 32. e6 fxe6 33. Rxg6+ Kh8 34. Rff6 Rd7 35. Rxe6 Qf8 36. Rgf6 Qg8 37. Rh6+ Rh7 38. Rxh7+ Kxh7 39. Qxg8+ Kxg8 40. Re7 Rh7 41. Rxh7 Kxh7 42. Kf2 Kg6 43. Kf3 b5 44. a3 a5 45. Ke3 Kg5 46. h3 Kf5 47. g4+ Kg5 48. Kd2 Kf4 49. a4 bxa4 50. Kc2 a3 51. Kb1 Ke4 52. g5 Kd3 53. g6 Kxc3 54. g7 Kb3 55. g8Q a2+ 56. Ka1 c3 57. Qxd5+ Kc2 58. Qxa2+ 1-0

[Event "GER North-chT U16"]
[Site "Verden an der Aller"]
[Date "2008.09.13"]
[Round "4.1"]
[White "Muench, Robert"]
[Black "Matthes, Henning"]
[Result "1-0"]
[WhiteElo "1699"]
[BlackElo "1442"]
[PlyCount "119"]
[EventDate "2008.09.12"]
[EventType "team-swiss"]
[EventRounds "6"]
[EventCountry "GER"]
[SourceTitle "EXT 2011"]
[Source "ChessBase"]
[SourceDate "2010.11.26"]
[SourceVersion "1"]
[SourceVersionDate "2010.11.26"]
[SourceQuality "1"]
[WhiteTeam "Treptow"]
[BlackTeam "Lehrte"]
[WhiteTeamCountry "GER"]
[BlackTeamCountry "GER"]

1. e4 e5 2. Nf3 Nc6 3. Bb5 a6 4. Ba4 b5 5. Bb3 Bc5 6. c3 d6 7. d4 Bb6 8. dxe5 dxe5 9. Qxd8+ Kxd8 10. Bxf7 Nf6 11. Bd5 Bb7 12. Bxc6 Bxc6 13. Nxe5 Be8 14. Bg5 Kc8 15. Bxf6 gxf6 16. Nf3 Bg6 17. Nbd2 Kb7 18. 0-0 h5 19. Rfe1 h4 20. h3 Rhg8 21. Nxh4 Bf7 22. Nf5 Be6 23. Kf1 Rg6 24. Nf3 Rag8 25. N5h4 R6g7 26. Red1 a5 27. b3 Ka6 28. Nd4 Bxd4 29. cxd4 c6 30. Rac1 Kb6 31. Rc5 Rh8 32. Nf3 Rhg8 33. Rdc1 Bd7 34. Ne1 Re8 35. f3 Reg8 36. Kf2 Ra8 37. d5 cxd5 38. Rxd5 Bc6 39. Rd6 Rc7 40. Rxf6 a4 41. b4 Rd8 42. Ke3 Kb7 43. a3 Rg8 44. Rc2 Rcc8 45. Nd3 Rce8 46. Nc5+ Kb6 47. Nd3 Kb7 48. Rf7+ Kb6 49. Kf4 Rgf8 50. Rxf8 Rxf8+ 51. Ke3 Bb7 52. Nf4 Rd8 53. Nd3 Rh8 54. Rc5 Ba6 55. e5 Re8 56. Ke4 Bb7+ 57. Ke3 Re6 58. g4 Rh6 59. Nf2 Rh8 60. f4 1-0

[Event "Berlin-ch U16 final"]
[Site "Berlin"]
[Date "2008.01.10"]
[Round "5.1"]
[White "Muench, Robert"]
[Black "Kachibadze, Georg"]
[Result "0-1"]
[WhiteElo "1649"]
[BlackElo "2068"]
[PlyCount "70"]
[EventDate "2008.01.06"]
[EventType "swiss"]
[EventRounds "7"]
[EventCountry "GER"]
[SourceTitle "EXT 2022"]
[Source "ChessBase"]
[SourceDate "2021.10.06"]
[SourceVersion "1"]
[SourceVersionDate "2021.10.06"]
[SourceQuality "1"]

1. e4 c5 2. Nf3 d6 3. d4 cxd4 4. Nxd4 Nf6 5. Nc3 a6 6. f3 e5 7. Nb3 Be7 8. Be3 0-0 9. Qd2 Be6 10. g4 d5 11. Bc5 d4 12. Ne2 Nc6 13. Ng3 Bxc5 14. Nxc5 Qe7 15. Nxe6 fxe6 16. Bc4 Kh8 17. h4 b5 18. Bd3 Nd7 19. Ke2 Nb6 20. b3 Rac8 21. a4 bxa4 22. Bxa6 d3+ 23. Bxd3 Nd4+ 24. Kd1 Nxc2 25. Bxc2 Rcd8 26. Bd3 Rxf3 27. Ke2 Rxg3 28. Qa5 Rgxd3 29. Qxb6 Rxb3 30. Qa5 Rb2+ 31. Ke3 Rdb8 32. Rhd1 Qf8 33. Rd2 R8b3+ 34. Ke2 Qf3+ 35. Ke1 Re3+ 0-1

[Event "Berlin-ch U16 final"]
[Site "Berlin"]
[Date "2008.01.09"]
[Round "4.1"]
[White "Sawlin, Leonid"]
[Black "Muench, Robert"]
[Result "0-1"]
[WhiteElo "1520"]
[BlackElo "1649"]
[PlyCount "88"]
[EventDate "2008.01.06"]
[EventType "swiss"]
[EventRounds "7"]
[EventCountry "GER"]
[SourceTitle "EXT 2022"]
[Source "ChessBase"]
[SourceDate "2021.10.06"]
[SourceVersion "1"]
[SourceVersionDate "2021.10.06"]
[SourceQuality "1"]

1. e4 e6 2. d4 d5 3. Nc3 Bb4 4. e5 c5 5. a3 Bxc3+ 6. bxc3 Qc7 7. Bd2 Nc6 8. Qg4 f5 9. Qg3 cxd4 10. Ne2 dxc3 11. Nxc3 Qxe5+ 12. Qxe5 Nxe5 13. Nb5 Kf8 14. Bb4+ Ne7 15. Nc7 Rb8 16. Bd6 N5c6 17. Nb5 Ra8 18. Nc7 Rb8 19. Bb5 Kf7 20. Bxc6 bxc6 21. Nxd5 cxd5 22. Bxb8 Nc6 23. Bd6 Ba6 24. f3 Rc8 25. c3 e5 26. Rd1 Ke6 27. Bc5 Na5 28. Bb4 Nc6 29. Rd2 Nxb4 30. axb4 Rxc3 31. Kf2 Bc4 32. g4 fxg4 33. fxg4 Rb3 34. Ra2 a6 35. h4 Rxb4 36. Rc2 a5 37. Ra1 a4 38. Ke1 d4 39. Rac1 Kd5 40. Ra1 e4 41. Rf2 d3 42. Rf7 Kd4 43. Rxg7 Kc3 44. Rxh7 e3 0-1

[Event "Berlin op 05"]
[Site "Berlin"]
[Date "2006.05.24"]
[Round "1"]
[White "Wecke, Thoralf"]
[Black "Muench, Robert"]
[Result "1-0"]
[WhiteElo "1937"]
[BlackElo "1258"]
[PlyCount "57"]
[EventDate "2006.05.24"]
[EventType "swiss"]
[EventRounds "7"]
[EventCountry "GER"]
[SourceTitle "EXT 2007"]
[Source "ChessBase"]
[SourceDate "2006.11.23"]
[SourceVersion "1"]
[SourceVersionDate "2006.11.23"]
[SourceQuality "1"]

1. d4 d5 2. Nc3 Nf6 3. Bg5 Bf5 4. f3 Nc6 5. Bxf6 exf6 6. e4 dxe4 7. d5 Ne5 8. fxe4 Bg4 9. Qd2 Bb4 10. h3 Bd7 11. 0-0-0 0-0 12. Nf3 Nxf3 13. gxf3 Re8 14. Bd3 Bc5 15. Ne2 a5 16. Nf4 c6 17. Kb1 b5 18. dxc6 Bxc6 19. Qg2 b4 20. Nh5 g6 21. e5 fxe5 22. Bxg6 Qh4 23. Bxh7+ Kf8 24. Qg7+ Ke7 25. Qxe5+ Kf8 26. Qg7+ Ke7 27. Qe5+ Kf8 28. Qxc5+ Re7 29. Qxc6 1-0